00555nam a2200169Ma 4500020001500000040000800015082002600023245006500049246004900114260007500163300002400238650002500262650002500287650002500312650002500337700002300362 a9251055327 cMNU a639 FOO 2006 A090 Or.00aReview of the current state of world aquaculture insurance /30aCurrent state of world aquaculture insurance aRome :bFood and Agriculture Organization of the United Nations,c2006 axii, 92 p. ;c25 cm 0aAquaculture industry 0aAquaculture industry 0aAquaculture industry 0aAquaculture industry1 aAnrooy, Raymon van